Statistiques concernant 5 capitales du monde sur une carte en 15 secondes

Cliquez ici pour prendre le quiz!

Statistiques générales

  • Ce quiz a été pris 149 fois
  • Le résultat moyen est 2 sur 5

Réponses sur la Carte

Les réponses sont colorées sur une échelle allant du rouge au vert en fonction du pourcentage des utilisateurs qui les ont devinées à leur premier essai. Vous pouvez retrouver ces pourcentages ci-dessous.
 

Statistiques - réponses

capitale% Correct
Addis-Abeba
100%
Amsterdam
100%
Ankara
100%
Apia
100%
Bakou
100%
Bangkok
100%
Belmopan
100%
Berlin
100%
Berne
100%
Bissau
100%
Buenos Aires
100%
Dacca
100%
Dakar
100%
Katmandou
100%
La Paz ou Sucre
100%
La Valette
100%
Lisbonne
100%
Luxembourg
100%
Manille
100%
Mexico
100%
Minsk
100%
Monaco
100%
Moscou
100%
Ndjamena
100%
Ouagadougou
100%
Oulan-Bator
100%
Paramaribo
100%
Paris
100%
Pretoria, Le Cap,
ou Bloemfontein
100%
Quito
100%
Riyad
100%
Saint-Domingue
100%
Santiago
100%
Tunis
100%
Varsovie
100%
Vienne
100%
Washington
100%
Caracas
50%
Jérusalem
50%
Monrovia
50%
New Delhi
50%
Windhoek
50%
Abou Dabi
0%
Abuja
0%
Accra
0%
Achgabat
0%
Alger
0%
Amman
0%
Andorre-la-Vieille
0%
Antananarivo
0%
Asmara
0%
Asunción
0%
Athènes
0%
Bagdad
0%
Bamako
0%
Bandar Seri Begawan
0%
Bangui
0%
Banjul
0%
Basseterre
0%
Belgrade
0%
Beyrouth
0%
Bichkek
0%
Bogotá
0%
Brasilia
0%
Bratislava
0%
Brazzaville
0%
Bridgetown
0%
Bruxelles
0%
Bucarest
0%
Budapest
0%
Canberra
0%
Castries
0%
Chișinău
0%
Colombo
0%
Conakry
0%
Copenhague
0%
Damas
0%
Dili
0%
Djibouti
0%
Djouba
0%
Dodoma
0%
Doha
0%
Douchanbé
0%
Dublin
0%
Erevan
0%
Freetown
0%
Funafuti
0%
Gaborone
0%
Georgetown
0%
Gitega
0%
Guatemala
0%
Hanoï
0%
Harare
0%
Helsinki
0%
Honiara
0%
Islamabad
0%
Jakarta
0%
Kaboul
0%
Kampala
0%
Khartoum
0%
Kiev
0%
Kigali
0%
Kingston
0%
Kingstown
0%
Kinshasa
0%
Koweït
0%
Kuala Lumpur
0%
La Havane
0%
Le Caire
0%
Libreville
0%
Lilongwe
0%
Lima
0%
Ljubljana
0%
Lomé
0%
Londres
0%
Luanda
0%
Lusaka
0%
Madrid
0%
Majuro
0%
Malabo
0%
Malé
0%
Managua
0%
Manama
0%
Maputo
0%
Mascate
0%
Maseru
0%
Mbabane
0%
Mogadiscio
0%
Montevideo
0%
Moroni
0%
Nairobi
0%
Nassau
0%
Naypyidaw
0%
Ngerulmud
0%
Niamey
0%
Nicosie
0%
Nouakchott
0%
Noursoultan
0%
Nukuʻalofa
0%
Oslo
0%
Ottawa
0%
Palikir
0%
Panama
0%
Pékin
0%
Phnom Penh
0%
Podgorica
0%
Port-au-Prince
0%
Port-d'Espagne
0%
Port-Louis
0%
Port Moresby
0%
Porto-Novo ou Cotonou
0%
Port-Vila
0%
Prague
0%
Praia
0%
Pristina
0%
Pyongyang
0%
Rabat
0%
Reykjavik
0%
Riga
0%
Rome | Vatican
0%
Roseau
0%
Saint George's
0%
Saint John's
0%
Saint-Marin
0%
Sanaa
0%
San José
0%
San Salvador
0%
Sao Tomé
0%
Sarajevo
0%
Séoul
0%
Singapour
0%
Skopje
0%
Sofia
0%
Stockholm
0%
Suva
0%
Tachkent
0%
Taipei
0%
Tallinn
0%
Tarawa
0%
Tbilissi
0%
Tegucigalpa
0%
Téhéran
0%
Thimphou
0%
Tirana
0%
Tokyo
0%
Tripoli
0%
Vaduz
0%
Victoria
0%
Vientiane
0%
Vilnius
0%
Wellington
0%
Yamoussoukro
0%
Yaoundé
0%
Yaren
0%
Zagreb
0%

Distribution des résultats

Percentile par nombre de réponses

% des personnes avec chaque résultat

Votre développement - résultats

Vous n’avez pas pris ce quiz